LEADER 01854nam 2200577Ia 450 001 9910450358503321 005 20200520144314.0 010 $a1-282-15640-3 010 $a9786612156403 010 $a90-272-9411-9 035 $a(CKB)1000000000033723 035 $a(SSID)ssj0000115179 035 $a(PQKBManifestationID)11145995 035 $a(PQKBTitleCode)TC0000115179 035 $a(PQKBWorkID)10026121 035 $a(PQKB)11058027 035 $a(MiAaPQ)EBC622282 035 $a(Au-PeEL)EBL622282 035 $a(CaPaEBR)ebr10090680 035 $a(CaONFJC)MIL215640 035 $a(OCoLC)237390383 035 $a(EXLCZ)991000000000033723 100 $a20050427d2005 uy 0 101 0 $aeng 135 $aurcn||||||||| 181 $ctxt 182 $cc 183 $acr 200 00$aBroadening the horizon of linguistic politeness$b[electronic resource] /$fedited by Robin T. Lakoff, Sachiko Ide 210 $aPhiladelphia, PA $cJohn Benjamins Publishing$d2005 215 $axii, 342 p 225 1 $aPragmatics & beyond,$x0922-842X ;$vnew ser., v. 139 300 $aBibliographic Level Mode of Issuance: Monograph 311 $a90-272-5382-X 320 $aIncludes bibliographical references and index. 410 0$aPragmatics & beyond ;$vnew ser., 139. 606 $aGrammar, Comparative and general$xHonorific 606 $aPoliteness (Linguistics) 608 $aElectronic books. 615 0$aGrammar, Comparative and general$xHonorific. 615 0$aPoliteness (Linguistics) 676 $a306.44 701 $aLakoff$b Robin Tolmach$0622424 701 $aIde$b Sachiko$f1939-$0674790 801 0$bMiAaPQ 801 1$bMiAaPQ 801 2$bMiAaPQ 906 $aBOOK 912 $a9910450358503321 996 $aBroadening the horizon of linguistic politeness$92253376 997 $aUNINA LEADER 00932nam a22002651i 4500 001 991002686339707536 005 20040302112617.0 008 040624s1990 xxu|||||||||||||||||eng 020 $a0520069811 035 $ab12962235-39ule_inst 035 $aARCHE-091991$9ExL 040 $aDip.to Beni Culturali$bita$cA.t.i. Arché s.c.r.l. Pandora Sicilia s.r.l. 082 04$a930 100 1 $aWalbank, Frank William$0140223 245 10$aPolybius /$cF. W. Walbank 260 $aBerkeley :$bUniversity of California press,$c1990 300 $aIX, 201 p. ;$c23 cm 440 0$aSather classical lectures ;$v42 600 04$aPolibio 907 $a.b12962235$b02-04-14$c12-07-04 912 $a991002686339707536 945 $aLE001 AN XI 136$g1$i2001000055425$lle001$nC. 1$o-$pE0.00$q-$rl$s- $t0$u0$v0$w0$x0$y.i13563609$z12-07-04 996 $aPolybius$9280416 997 $aUNISALENTO 998 $ale001$b12-07-04$cm$da $e-$feng$gxxu$h0$i1